000 00578nam a2200193Ia 4500
003 GCL
008 140319s9999 xx 000 0 ara d
020 _a9140910977
040 _aGCL /
_cGCL
082 0 4 _a747
_bم ت
100 1 _aمصطفى احمد
245 1 0 _aتاريخ التصميم الداخلى /
_cمصطفى احمد
260 _aالقاهرة :
_bدار الفكر العربى ،
_c2001
300 _a158 ص ؛
_c24 سم
650 0 4 _aالديكور
650 0 4 _aالتصميم الداخلى
650 0 4 _aالديكور - تصميم
942 _2ddc
_cBK
999 _c5119
_d5119